| 000 | 01760cam a22004694i 4500 | ||
|---|---|---|---|
| 003 | PE-LiUPU | ||
| 005 | 20250731172804.0 | ||
| 008 | 150617s r 000 0 d | ||
| 035 | _a(Sirsi) a13183 | ||
| 040 |
_aPE-LiUPU _bspa _cPE-LiUPU _erda |
||
| 049 | _aPRUA | ||
| 082 | 0 | 4 |
_a248.4 _bB72 _221 |
| 100 | 1 |
_aBonhoeffer, Dietrich, _d1906-1945, _eautor. |
|
| 245 | 1 | 0 |
_aRedimidos para lo humano : _bcartas y diarios (1924-1942) / _c[por] Dietrich Bonhoeffer ; edición preparada por José J. Alemany. |
| 264 | 1 |
_aSalamanca : _bEdiciones Sígueme, _c1979. |
|
| 300 |
_a185 páginas ; _c24 cm |
||
| 336 |
_atext _2rdacontent |
||
| 337 |
_aunmediated _2rdamedia |
||
| 338 |
_avolume _2rdacarrier |
||
| 490 | 0 |
_aEl peso de los días ; _v8 |
|
| 505 | 0 | _aVivencias y tanteos: 1924-1930 -- Teología como opción y enfrentamiento: 1931-1933 -- Por la integridad de la iglesia 1933-1934 -- La experiencia comunitaria: 1934-1938 -- Las exigencias de la responsabilidad cristiana 1939-1942. | |
| 526 | _aSEG42 | ||
| 526 | _aSEG41 | ||
| 526 | _aSEG40 | ||
| 526 | _aSEG39 | ||
| 526 | _aP94 | ||
| 526 | _aP87 | ||
| 526 | _aP86 | ||
| 526 | _aP85 | ||
| 526 | _aP77 | ||
| 526 | _aP76 | ||
| 526 | _aP35 | ||
| 650 | 0 | 4 | _aVIDA CRISTIANA. |
| 700 | 1 |
_aAlemany, José J., _d1937-2001, _eeditor. |
|
| 910 |
_ajck _bjvq _cjck _d20150616 |
||
| 942 |
_2ddc _cBOOK |
||
| 949 |
_a248.4 B72 _wDEWEY _c1 _i30383 _lCCODEBUL1 _mBUL _p00.00 _r0 _sY _tBOOK _u19890625 _xTEOLOGIA _PP35 _0COMPRA _o.STAFF. Colección General |
||
| 994 |
_aC0 _bPEPRU |
||
| 596 | _a1 | ||
| 999 |
_a248.4 B72 _wDEWEY _c3524 _i30383 _f2021-11-10 _g5 _lCCODEBUL1 _mBUL _r0 _sY _tBOOK _u2015-6-17 _xTEOLOGIA _PP35 _0COMPRA _o.STAFF. Colección General _d3524 |
||
| 980 |
_81 _gALBERTO SANCHEZ Responsable de Automatización |
||